| 000 | 00802cam a22002531 4500 | ||
|---|---|---|---|
| 001 | hew67000155 | ||
| 003 | DLC | ||
| 005 | 20260227111516.0 | ||
| 008 | 731112s1967 dcu b f001 0 eng c | ||
| 010 | _ahew67000155 | ||
| 035 | _a(OCoLC)739308 | ||
| 040 |
_aU.S. Dept. of Health, Education, and Welfare. Library _cMWelC _dOCoLC _dDLC |
||
| 042 | _apremarc | ||
| 050 | 0 | 0 |
_aZ5814.R4 _bU5 |
| 082 | _a016.370/78 | ||
| 110 | 2 | _aEducational Research Information Center (U.S.) | |
| 245 | 1 | 0 | _aOffice of Education research reports, 1956-65, ED 002 747-ED 003 960. |
| 260 |
_a[Washington, _bU.S. Govt. Print. Off., _c1967] |
||
| 300 |
_a2 v. _c20 x 27 cm. |
||
| 500 | _aOE-12028-29. | ||
| 500 | _aCover title. | ||
| 505 | 0 | _a[1] Indexes.--[2] Resumes. | |
| 650 | 0 |
_aEducation _xResearch _vBibliography. |
|
| 999 |
_c34727 _d34727 |
||